02025agaaa2200277 45000010005000000030009000050050017000140070009000310080040000400400023000800410014001031000047001171300058001642450246002222500022004682600106004903000022005965080064006185200797006825380016014795460014014956500060015097000061015697000059016307000058016890461IT-RoPAU20220918181255.0d cvaizq50131s9999||||xx ||| | || ||und|| aIT-RoPAUcIT-RoPAU aITALIANO  aYong Jung SoogCodice regista SPICS: 60182 aGESU' UN REGNO SENZA CONFINI: LAZZARO E IL COMPLOTTO  aGESU' UN REGNO SENZA CONFINI: LAZZARO E IL COMPLOTTO cProdotto da: Corradi O. Choi P. -- Sceneggiatura: Scaffa Luciano -- Diretto da: Yong Jung SoopGESU' UN REGNO SENZA CONFINI: LAZZARO E IL COMPLOTTO (Rif. Codice opera principale : K0461) aEdizione Standard a(ITALIA)bN.d. / Distribuzione: MULTIMEDIA SAN APOLOg"2010 (1° ed.: 2010 ; Ed. Lingua Orig.: 2010)" aDVDbsonoro, col. a"Musica: Zavallone Paolo; Sceneggiatura: Scaffa Luciano ; " a"SETTIMO DVD DELLA SERIE LE AVVENTURE DELLA BIBBIA DA ADAMO A GESU'. GESU' INDUCE SIMONE E I SUOI COMPAGNI PESCATORI AD AVERE FEDE E LI FARA' PESCATORI DI UOMINI: SARANNO LORO I SUOI PRIMI DISCEPOLI. IN SEGUITO COMPIE IL MIRACOLO DELLA MOLTIPLICAZIONE DEI PANI E DEI PESCI, RESUSCITA LAZZARO E RIDONA LA VISTA A UN UOMO CIECO DALLA NASCITA. E INSEGNA IL PADRE NOSTRO AI SUOI SEGUACI, CONTINUANDO A PREDICARE L'AMORE E LA PACE. MA PER I FARISEI STA DIVENTANDO PERICOLOSO: INTORNO A LUI SI STANNO RADUNANDO LE FOLLE. CAPITOLI: 1-PESCATORI DI UOMINI; 2-ANDATE NEL MIO NOME; 3-MA CHI E' COSTUI?; 4-IL NUOVO REGNO; 5-I CIECHI VEDONO; 6-LAZZARO; 7-TRIONFO A GERUSALEMME. SCHEDE EXTRA-IN VERITA' VI DICO: APOSTOLI; DEMONI; CONVERSIONE; MIRACOLI; UN REGNO SENZA CONFINI; FARISEI; SADDUCEI E TEMPIO. " aPAL, STEREO aITALIANO  aANIMAZIONE eDVD-FILM [DVD]xCodice MATERIA SPICS: 9947 aScaffa Luciano e(soggetto)gCodice Soggetto SPICS: 4848 aYong Jung Soo e(regista)gCodice regista SPICS: 60182 aZavallone Paoloe(musica)gCodice Musica SPICS: 60183